000 00850nam a22002177a 4500
999 _c13132
_d13132
003 AR-CdUCM
008 190411b ||||| |||| 00| 0 spa d
040 _aMUNICIPALIDAD PROVINCIAL DEL CUSCO
_cBIBLIOTECA MUNICIPAL DEL CUSCO
082 _a370 /
_bS25 / 1941
100 _aSaucier, W. A.
_931343
245 _aConceptos modernos sobre educación /
260 _aMexico :
_bHispano-Americana,
_c1941.
300 _a498 páginas ;
_c23 cm.
505 _aEl terreno histórico -- La situación social moral -- Opiniones contrarias sobre la inteligencia -- El significado de la inteligencia para la educación -- Cuidado de las diferencias individuales...
650 _aEducación.
_9460
650 _aConceptos
_94442
650 _aEducación moral.
_93587
700 _aAlduvin, Ricardo
_931344
942 _2ddc
_cLIBROS
945 _awfj
_d2019-04-11